Statistics for Best FIFA World Cup Scorer By Country

Click here to take the quiz!

General Stats

  • This quiz has been taken 35 times
    (9 since last reset)
  • The average score is 15 of 24

Answer Stats

Country Player Goals % Correct
GermanyMiroslav Klose16
100%
ArgentinaGabriel Batistuta10
100%
ColombiaJames Rodriguez6
100%
BrazilRonaldo15
100%
ItalyRoberto Baggio | Paolo Rossi | Christian Vieri9
88%
BelgiumRomelu Lukaku | Marc Wilmots5
88%
CroatiaDavor Suker6
88%
South KoreaAhn Jung-hwan | Park Ji-sung | Son Heung-min3
88%
SpainDavid Villa8
75%
United StatesLandon Donovan5
75%
FranceJust Fontaine13
75%
PortugalEusebio9
63%
SwedenKennet Andersson | Henrik Larsson5
63%
MexicoJavier Hernandez | Luis Hernandez4
63%
PolandGrzegorz Lato10
50%
EnglandGary Lineker10
50%
GhanaAsamoah Gyan6
50%
CameroonRoger Milla5
50%
PeruTeófilo Cubillas10
38%
NetherlandsJohnny Rep7
38%
HungarySandor Kocsis11
25%
RussiaOleg Salenko6
25%
UruguayÓscar Míguez8
13%
SwitzerlandJosef Hügi6
13%

Score Distribution

Percentile by Number Answered

Percent of People with Each Score

Your Score History

You have not taken this quiz since the last reset